| 000 | 01567nam a2200373 c 4500 | ||
|---|---|---|---|
| 003 | BLK | ||
| 005 | 20220314165341.0 | ||
| 008 | 180409b bul|||||r ||||||| ||bul|| | ||
| 010 | _aKNG00110574000 | ||
| 020 |
_a978-954-529-941-4 _bиздат.: Колибри |
||
| 040 | _aBLK | ||
| 041 |
_aBUL _cBUL |
||
| 072 | 7 |
_2bullib _aН85 _xДетска художествена литература Н |
|
| 080 |
_aАнглийска литература _b821.111 _x-93-31 _z821.111-93-31 |
||
| 700 | 1 |
_aКоуел, Кресида _eтекст _9368656 |
|
| 700 | 1 |
_aКоуел, Кресида _eил. _9368656 |
|
| 700 | 1 |
_aДонева, Мария Вичева _eпрев. _9368657 |
|
| 139 |
_aКоуел, Кресида _bК 87 |
||
| 245 | 1 | 0 |
_aКак да станеш пират _bОт Хълцук Кръвожадни Херингски ІІІ _cтекст Кресида Коуел; ил. Кресида Коуел; прев. Мария Вичева Донева. |
| 257 | _aGBR | ||
| 260 |
_аСофия _bКолибри _c2011 _fСофия : Симолини |
||
| 300 |
_a127 с. _bс ил. _c20 см |
||
| 380 | _aDX | ||
| 500 | _aОриг. загл. : How to Be a Pirate / Cressida Cowell. - Съдържа и за авт. | ||
| 653 | _aромани | ||
| 653 | _aлитература за деца | ||
| 653 | _aдетска литература | ||
| 659 | _aН | ||
| 852 | _aЦб 255113 | ||
| 856 | 4 |
_qpdf _u |
|
| 856 | 4 |
_qpdf _u |
|
| 942 |
_cKNG _n0 _07 |
||
| 944 |
_aCR _c21.05.2012 _lф / _kВиолета_Тройчева |
||
| 944 |
_aED _c20.01.2018 _lф / _kВиолета_Тройчева |
||
| 999 |
_c105356 _d105356 |
||